LEADER 01397nam a2200313 u 4500 001 000000055790 003 CaOOAMICUS 005 20070226120411.0 008 010315s1986 it u000 u ita u 020 $a8826306168 035 $a10869421 040 $aPUL(R)$bita 041 1 $aita$hfre 100 1 $aDuhem, Pierre,$d1861-1916.$0(OLS)http://pul/name/39197 240 10$aSozein ta phoinomena : essai sur la notion de théorie physique de Platon à Galilée.$lItaliano.$0(OLS)http://pul/title/74669 245 10$aSalvare i fenomeni :$bsaggio sulla nozione di teoria fisica da Platone a Galileo /$cPierre Duhem ; edizione italiana a cura di Francesco Bottin. 260 $aRoma :$bBorla,$c1986. 300 $a151 p. ;$c19 cm 490 1 $aEpistemologia contemporanea 504 $aBibliografia: p.19-21. 650 4$aEpistemologia.$0(OLS)http://pul/subject/439 830 0$aEpistemologia contemporanea.$0(OLS)http://pul/title/58856 850 $aPUL 852 $aPUL$W1$xSL Filosofia 1$y2$m96 D 95$j73311$nBK-PRI$b $qStampati$B73311$CPULBib$Z2$F73311 $H $81 941 1 $a8 961 $aINV: 55538 996 $6020$a8826306168$9(OLS)http://pul/number/70182 996 $6245$aSalvare i fenomeni :$bsaggio sulla nozione di teoria fisica da Platone a Galileo$9(OLS)http://pul/title/74670 996 $6260$aRoma :$bBorla$9(OLS)http://pul/publisher/48061 LEADER 01461nam a2200277 u 4500 001 000000072719 003 CaOOAMICUS 005 20070226122255.0 008 020620s1845 it u000 u ita u 035 $a10934183 040 $aPUL(R)$bita 110 1 $aItalia (Regno, 1805-1814).$0(OLS)http://pul/name/12868 240 10$aLeggi, ecc.$9(Italia (Regno, 1805-1814).$0(OLS)http://pul/title/51655 245 10$aManuale delle leggi, regolamenti e discipline intorno alle strade, alle acque ed alle fabbriche non che ad altri rami relativi alla professione dell'ingegnere ed architetto civile /$ccompilato da Antonio Cantalupi .. 260 $aMilano :$bA. Monti,$c<1845>. 300 $av. <1 > :$bill. ;$c24 cm 504 $aBibliografia in nota. 650 4$aEdilizia$xLegislazione.$0(OLS)http://pul/subject/25560 650 4$aDiritto amministrativo$zItalia.$0(OLS)http://pul/subject/8339 700 1 $aCantalupi, Antonio.$0(OLS)http://pul/name/48114 850 $aPUL 852 $aPUL$W1$xDP1 Antico 800$y27$m831 F 31$j94071$nBK-PRI$b $qStampati Antico$B94071$CPULBib$Z2$F94071 $H $81 941 1 $a15 961 $aINV: 4920 996 $6245$aManuale delle leggi, regolamenti e discipline intorno alle strade, alle acque ed alle fabbriche non che ad altri rami relativi alla professione dell'ingegnere ed architetto civile$9(OLS)http://pul/title/95638 996 $6260$aMilano :$bA. Monti$9(OLS)http://pul/publisher/74084